000 00247nam a2200097Ia 4500
008 170619s9999 xx 000 0 und d
100 _aCooper- George
245 0 _aProbabilistic Methods of Signal and System Analysis
260 _bOxford
260 _c2010
546 _aENGLISH
999 _c20876
_d20876